000 01219cam a2200349 i 4500
001 29687
003 Mx-PuUPA
005 20250321131755.0
008 140415s2004 pe a gr 001 0 spa d
020 _a9972511103
022 _a1019-455X
040 _cMx-PuUPA
_aMx-PuUPA
_bspa
_dMx-PuUPA
_erda
041 0 _aspa
100 1 _aContreras, Carlos,
_916857
_eautor
245 1 0 _aHistoria del Perú contemporáneo :
_bdesde las luchas por la Independencia hasta el presente /
_cCarlos Contreras, Marcos Cueto
250 _aTercera edición
264 1 _aLima :
_bIEP Ediciones,
_c2004
300 _a420 páginas :
_bilustraciones, mapas ;
_c22 cm
336 _2rdacontent
_atexto
_btxt
337 _2rdamedia
_asin medio
_bn
338 _2rdacarrier
_avolumen
_bnc
490 0 _aEstudios Históricos ;
_v40
651 4 _aPerú
_xHistoria
_ySiglo XIX
651 4 _aPerú
_xHistoria
_ySiglo XX
651 4 _aPerú
_xPolítica y gobierno
_ySiglo XIX
651 4 _aPerú
_xPolítica y gobierno
_ySiglo XX
700 1 _aCueto, Marcos,
_eautor
942 _2ddc
_cLI
_h985.0643
_iC74
999 _c29687
_d29687